000 00350nam a2200133Ia 4500
008 151001s9999||||xx |||||||||||||| ||und||
100 _aना ह आपटे
245 _aजवानांचा जीवनधर्म
250 _a1
260 _bआपटे आणि मंडळीÇ
260 _c1962
300 _a128
365 _b7
999 _c953154
_d953151